000 01136cam a22002535a 4500
001 12170614
005 20180506150906.0
008 000912t2000 gw a frb 001 0 eng d
020 _a3527288686
040 _aUKM
_cUKM
_dTXA
_dDLC
_dEG-ScBUE
_beng
082 0 4 _222
_a664.09
_bPLA
245 0 0 _aPlastic packaging materials for food :
_bbarrier function, mass transport, quality assurance, and legislation /
_cedited by O.-G. Piringer and A.L. Baner.
260 _aWeinheim ;
_aNew York :
_bWiley-VCH,
_cc.2000.
300 _axxx, 576 p. :
_bill. ;
_c25 cm.
504 _aIncludes bibliographical references and index.
650 7 _aFood
_xPackaging.
_2BUEsh
650 7 _aPlastics in packaging.
_2BUEsh
653 _bGGEN
_cMay2018
700 1 _aPiringer, O.-G.
_q(Otto G.),
_eeditor.
700 1 _aBaner, A. L.
_q(Albert Lawrence),
_eeditor.
856 4 2 _3Publisher description
_uhttp://www.loc.gov/catdir/description/wiley033/00701414.html
856 4 1 _3Table of contents
_uhttp://www.loc.gov/catdir/toc/wiley021/00701414.html
856 4 2 _3Contributor biographical information
_uhttp://www.loc.gov/catdir/enhancements/fy0743/00701414-b.html
999 _c26641
_d26613